000 00749cam a22002411 4500
001 29569
003 BD-RjUL
005 20211209051429.0
008 140403s1957 nyua b 001 0 eng
035 _a(BD-RjUL)29654
040 _aDLC
_cDLC
_dBD-RjUL
_beng
041 _aeng
082 0 0 _a137.8
_bPIP 1957
100 1 _aPiotrowski, Zygmunt A.,
_d1904-1985.
_990117
245 1 0 _aPerceptanalysis :
_ba fundamentally reworked, expanded, and systematized Rorschach method /
_cZygmunt A. Piotrowski.
260 _aNew York :
_bMacmillan,
_cc1957.
300 _axvii, 505 p. :
_bill. ;
_c22 cm.
504 _aIncludes bibliography and index.
650 0 _aRorschach Test.
_988677
942 _2ddc
_cBK
999 _c29569
_d29569